Sexueller Missbrauch - Der rechtsmedizinische Sachbeweis

Saved in:  
Bibliographic Details
Main Author: Bauer, Martin (Author)
Format: Print Article
Language:German
Published: 2002
In: Sexueller Missbrauch, Cannabis und Fahrtüchtigkeit
Year: 2002, Pages: [25] - 44
Check availability: HBZ Gateway
Keywords:

MARC

LEADER 00000caa a22000002c 4500
001 1173981349
003 DE-627
005 20220524142952.0
007 tu
008 030327s2002 xx ||||| 00| ||ger c
035 |a (DE-627)1173981349 
035 |a (DE-576)103981349 
035 |a (DE-599)BSZ103981349 
040 |a DE-627  |b ger  |c DE-627  |e rakwb 
041 |a ger 
100 1 |a Bauer, Martin  |4 aut 
245 1 0 |a Sexueller Missbrauch - Der rechtsmedizinische Sachbeweis  |c Martin Bauer 
264 1 |c 2002 
300 |a S. [25] - 44 
336 |a Text  |b txt  |2 rdacontent 
337 |a ohne Hilfsmittel zu benutzen  |b n  |2 rdamedia 
338 |a Band  |b nc  |2 rdacarrier 
773 0 8 |i In:  |t Sexueller Missbrauch, Cannabis und Fahrtüchtigkeit  |d Würzburg : Institut für Rechtsmedizin der Universität Würzburg, 2002  |g (2002), Seite [25] - 44  |h 81 S.  |w (DE-627)1173117792  |w (DE-576)103117792  |7 nnam 
773 1 8 |g year:2002  |g pages:[25] - 44 
951 |a AR 
ELC |b 1 
LOK |0 000 xxxxxcx a22 zn 4500 
LOK |0 001 3030516326 
LOK |0 003 DE-627 
LOK |0 004 1173981349 
LOK |0 005 20260226095023 
LOK |0 008 181106||||||||||||||||ger||||||| 
LOK |0 040   |a DE-21-110  |c DE-627  |d DE-21-110 
LOK |0 689   |a s  |a Sexueller Missbrauch 
LOK |0 689   |a s  |a Rechtsmedizin 
LOK |0 689   |a s  |a Sachbeweis 
LOK |0 852   |z Kein Bestand am IfK; Nachweis für KrimDok 
LOK |0 852   |a DE-21-110 
LOK |0 852 1  |m v  |9 00 
LOK |0 935   |a k110 
LOK |0 938   |k v 
LOK |0 939   |a 06-11-18  |b l01 
ORI |a WA-MARC-krimdoka001.raw